Vývoj udržateľnosti v SR podľa plnenia cieľov Agendy 2030

Udržateľnosť a udržateľné správanie je už dlhodobejšie v centre pozornosti jednotlivých krajín. Bližšie sa tomu venuje koncept AGENDY 2030, ku ktorému sa zaviazali všetky členské krajiny na summite OSN v New Yorku v roku 2015. Jednotlivé krajiny sa snaží viesť k spoločnému koordinovanému postupu pri...

ver descrição completa

Na minha lista:
Detalhes bibliográficos
Autor principal: Kissová, Jana, 1979-
Outros Autores: Dubcová, Gabriela, 1968-
Formato: Capítulo de Livro
Idioma:eslovaco
Assuntos:
Tags: Adicionar Tag
Sem tags, seja o primeiro a adicionar uma tag!

MARC

LEADER 00000naa$a2200000$$$4500
001 0306508
005 20250207090900.9
041 0 |a slo 
044 |a CZ 
245 1 0 |a Vývoj udržateľnosti v SR podľa plnenia cieľov Agendy 2030  |c Jana Kissová, Gabriela Dubcová 
520 |a Udržateľnosť a udržateľné správanie je už dlhodobejšie v centre pozornosti jednotlivých krajín. Bližšie sa tomu venuje koncept AGENDY 2030, ku ktorému sa zaviazali všetky členské krajiny na summite OSN v New Yorku v roku 2015. Jednotlivé krajiny sa snaží viesť k spoločnému koordinovanému postupu pri riešení globálnych výziev a určuje všeobecný rámec pre krajiny sveta odstrániť chudobu a dosiahnuť udržateľný rozvoj do roku 2030. Predstavuje tak záväzok, potrebnú a nevyhnutnú iniciatívu všetkých štátov, verejných inštitúcií, podnikov a v neposlednom rade domácností, teda jednotlivcov. Priblíženie princípov udržateľného rozvoja v zmysle cieľov AGENDY 2030. Prehľad a vývoj plnenia cieľov udržateľného rozvoja v SR a tiež jej porovnanie so susednými krajinami. 
610 2 0 |a rozvoj trvalo udržateľný 
610 2 0 |a ekonomika 
610 2 0 |a chudoba 
610 2 0 |a porovnanie medzinárodné 
610 2 0 |a Slovensko 
100 1 |a Kissová, Jana, 1979- 
700 1 |a Dubcová, Gabriela, 1968-